01156 a2200169 45000010006000000050017000060080041000230030015000640400040000790800031001192450058001500200018002082640033002263000026002595050670002851000031009552752320260407155550.0260407a1993 arg spa dAR-UNSa-BCEJYS aAR-UNSa-BCEJYSbspacAR-UNSa-BCEJYS a349.2xDerecho del Trabajo10aCurso de derecho del trabajo y de la seguridad social a950-508-392-0 1aBuenos Aires :bAstreac1993 axlvii, 822 p.c20 cm. a1. El trabajo humano - 2. Política social y laboral - 3. Derecho del trabajo. Fundamentos - 4. Relación jurídica individual - 5. Desarrollo de la relación - 6. Alteraciones en el desarrollo de la relación - 7. Extinción de la relación laboral - 8. Relaciones jurídicas colectivas - 9. Relación de asociación - 10. Relación de negociación - 11. Relación de conflicto - 12. Relaciones jurídicas con el estado - 13. Derecho Internacional Público - 14. Prescripción y caducidad - 15. Seguridad social - 16. Instituciones jurídicas de la seguridad social - 17. Sistema legal argentino - 18. Régimen contencioso de la seguridad social.1 aRodríguez Mancini, Jorge